00449nam a2200145Ia 4500008004100000020001800041082001400059100001900073245002700092260001200119500001000131942000700141952014000148999001500288260604s9999 xx 000 0 und d a9789365479515 a808.3 BLU aBLUEONE935424 0aThink Before you react bBLUEONE areact cBK 00104070aIIMVbIIMVcChildren Collectiond2026-06-04g299.00l0o808.3 BLUp003857r2026-06-04 10:19:29v299.00w2026-06-04yBKBBLU c8239d8239